| 000 | 00840nam a2200217Ia 4500 | ||
|---|---|---|---|
| 999 |
_c52954 _d52954 |
||
| 001 | 19985 | ||
| 003 | GE_BSU | ||
| 005 | 20250314164036.0 | ||
| 008 | 181216s2004||||ge |||||||||||||| ||geo|| | ||
| 040 | _cGE_BSU | ||
| 041 | _ageo | ||
| 080 | _a81'374.25=353.1უ-95 | ||
| 245 | _aუცხო სიტყვათა ლექსიკონი | ||
| 250 | _aგამომცემელი "ლეილა კოშკაძე-გაზეთი რატომ? | ||
| 264 |
_aთბილისი : _bგამომცემელი "ლეილა კოშკაძე-გაზეთი რატომ? _c2004. |
||
| 300 |
_a804 გვ. ; _c13 სმ. |
||
| 541 | _h10 ლ. | ||
| 653 | _aუცხო სიტყვათა ლექსიკონი | ||
| 653 | _aქართული ენა | ||
| 942 |
_cBK _2udc |
||